000 00679nam a22002177a 4500
999 _c4329
_d4329
003 AR-CdUCM
008 190308b ||||| |||| 00| 0 spa d
040 _aMUNICIPALIDAD PROVINCIAL DEL CUSCO
_cBIBLIOTECA MUNICIPAL DEL CUSCO
082 _a848.9 /
_bS16
100 _aSagan, Françoise
_911833
245 _aBuenos días tristeza /
260 _aBarcelona :
_bPlaza & Janés Editores,
_c1976.
300 _a143 paginas ;
_c18 cm.
505 _aContenido :Novela.
650 _aNovelas francesas
_9571
650 _aLiteratura del siglo xx
_97647
650 _aLiteratura francesa
_9913
700 _aClaraso, Noel (traductor)
_913676
942 _2ddc
_cLIBROS
945 _arum